Asian Capitals - Minefield - Statistics

General Stats
  • This quiz has been taken 56 times
  • The average score is 12 of 16
Answers on the Grid
Answers color-coded by a green-red scale on the quiz's grid according to % correct below.
Dhaka
Bandar Seri Begawan
Abu Dhabi
Dubai
Mekka
Tehran
Istanbul
Malé
Shanghai
Manama
Osaka
Muscat
Karachi
Mumbai
Seoul
Yerevan
Wuhan
Phnom Penh
Petersburg
Sri Jayawardenepura Kotte
Alexandria
Ho Chi Minh City
Hanoi
Fukuoka
Phuket
Ulaanbaatar
Bokhtar
Baghdad
Thimphu
Beirut
 
Answer Stats
Answer % Correct
Abu Dhabi
93%
Dhaka
88%
Tehran
83%
Bandar Seri Begawan
78%
Baghdad
75%
Muscat
75%
Seoul
75%
Beirut
73%
Hanoi
73%
Yerevan
73%
Malé
70%
Manama
70%
Phnom Penh
70%
Ulaanbaatar
70%
Sri Jayawardenepura Kotte
68%
Thimphu
65%
No matching quizzes found
Score Distribution
Percent of People with Each Score
Percentile by Number Answered
Your Score History
You have not taken this quiz